| 000 | 01123nam a2200289 a 4500 | ||
|---|---|---|---|
| 003 | BLK | ||
| 005 | 20250623093132.0 | ||
| 008 | 200123b bu |||||r|||| 00| 0 bu d | ||
| 020 | _a9789543985883 | ||
| 040 | _aBLK | ||
| 041 |
_aBUL _cBUL |
||
| 080 |
_aАнглийска литература _b821.111 _x-31 _z821.111-31 |
||
| 100 |
_9351086 _aДжеймс, Ерика _eпърви автор |
||
| 139 |
_aДжеймс, Ерика _bД 50 |
||
| 240 | _aThe real Katie Lavender | ||
| 245 |
_aТайната история на Кейти Лавендър _cЕрика Джеймс ; прев. от англ. Борис Дамянов |
||
| 260 |
_9209481 _aСофия _bТруд _d2019 _fСофия : Алианс принт _c2019 _n978-954-398- ; 978-954-528- |
||
| 300 |
_a462 с. _c21 см |
||
| 380 | _aX | ||
| 500 | _aОриг. загл.: The real Katie Lavender / Erica James | ||
| 700 |
_aДамянов, Борис Стефанов _9315591 |
||
| 852 | _bЦб | ||
| 942 |
_cKNG _n0 _s1 _029 |
||
| 944 |
_aCR _c2020-01-23 _k30542 _lРусанова Ирена |
||
| 999 |
_c348181 _d348181 |
||
| 999 | _d348181 | ||
| 999 | _d348181 | ||